000 01333nam a2200337Ia 4500
001 ebr10388297
003 CaPaEBR
006 m u
007 cr cn|||||||||
008 100218s2010 inua sb 001 0 eng d
010 _z 2010004720
020 _z9780470554203
020 _z9780470649404
040 _aCaPaEBR
_cCaPaEBR
035 _a(OCoLC)642685764
050 1 4 _aQA76.3
_b.C34845 2010eb
082 0 4 _a005.4/476
_222
100 1 _aCarpenter, Tom,
_d1972-
245 1 0 _aSQL server 2008 administration
_h[electronic resource] :
_breal world skills for MCITP certification and beyond /
_cTom Carpenter.
250 _a1st ed.
260 _aIndianapolis, Ind. :
_bWiley Pub.,
_c2010.
300 _axxxi, 782 p. :
_bill.
504 _aIncludes bibliographical references and index.
533 _aElectronic reproduction.
_bPalo Alto, Calif. :
_cebrary,
_d2010.
_nAvailable via World Wide Web.
_nAccess may be limited to ebrary affiliated libraries.
630 0 0 _aSQL server.
650 0 _aElectronic data processing personnel
_xCertification.
650 0 _aMicrosoft software
_xExaminations
_vStudy guides.
655 7 _aElectronic books.
_2local
710 2 _aebrary, Inc.
856 4 0 _uhttp://site.ebrary.com/lib/rucke/Doc?id=10388297
_zAn electronic book accessible through the World Wide Web; click to view
999 _c199625
_d199625